000 00405nam a22001457a 4500
008 240419b |||||||| |||| 00| 0 eng d
020 _a9781544320328
082 _a305.8
100 _aPrzybylski, Liz.
245 _aHybrid Ethnography:
_bQualitative Research Methods, Volume 58
260 _aThousand Oaks, California:
_bSage,
_c2021.
300 _axxi, 196 p.;
942 _2ddc
999 _c9891
_d9892